| 000 | 00741nam a2200205 a 4500 | ||
|---|---|---|---|
| 001 | BRCA_248 | ||
| 005 | 20190320202932.0 | ||
| 008 | 041005s1982----mx-a---###---#000-0#spa-d | ||
| 020 | _a9687153105 | ||
| 050 | 4 |
_aG1549.M4 _b.H47 1982 |
|
| 100 | 1 |
_aHerrera Moreno, Ethel _9860 |
|
| 245 | 1 | 0 |
_a500 planos de la Ciudad de México _b1325-1933 _cEthel Herrera Moreno y Concepción de Ita Martínez. |
| 260 |
_aMéxico _bSahop _c1982 |
||
| 300 |
_a376 p. _bil. a color _c35 cm. |
||
| 500 | _aIncluye imágenes de una pieza de la colección de Franz Mayer: ´El Bimbo de la conquista´, p. 66-67 | ||
| 504 | _aBibliografía : p. 375 | ||
| 650 | 1 | 4 |
_aMapas _zDistrito Federal (México) _9861 |
| 700 | 1 |
_aIta Martínez, Concepción _9862 |
|
| 942 |
_2lcc _cB |
||
| 999 |
_c204 _d204 |
||